Online Catalogue and eLibrary

The struggle for equal political representation of women in Sri Lanka : (Record no. 398)

MARC details
000 -LEADER
fixed length control field 00764cam a2200205 i 4500
001 - CONTROL NUMBER
control field 18134788
005 - DATE AND TIME OF LATEST TRANSACTION
control field 20240215005619.0
008 - FIXED-LENGTH DATA ELEMENTS--GENERAL INFORMATION
fixed length control field 140430s2009 ce b f000 0 eng
020 ## - INTERNATIONAL STANDARD BOOK NUMBER
ISBN 9789550249008
040 ## - CATALOGING SOURCE (பட்டியலாக்க மூலம்)
Original cataloging agency DLC
Language of cataloging eng
Transcribing agency DLC
Description conventions rda
082 ## - DDC Classification
DDC Edition Number 22
Class No. 320.
Item Number - Author Mark CHU.
100 1# - MAIN ENTRY--PERSONAL NAME
Personal name Kodikara, Chulani,
245 14 - TITLE STATEMENT
Title The struggle for equal political representation of women in Sri Lanka :
Remainder of title a stocktaking report for the Ministry of Child Development and Women's Empowerment and the United Nations Development Programme /
Statement of responsibility, etc. Chulani Kodikara.
260 ## - PUBLICATION, DISTRIBUTION, ETC.
Place of publication, distribution, etc. Kiribathgoda :
Name of publisher, distributor, etc. Sarasavi off- set printers /
Date of publication, distribution, etc. 2009.
300 ## - PHYSICAL DESCRIPTION
Extent (e.g. Volumes, Pages etc.) xi, 178 pages ;
650 #0 - SUBJECT ADDED ENTRY--TOPICAL TERM
Topical term or geographic name entry element Women
650 #0 - SUBJECT ADDED ENTRY--TOPICAL TERM
Topical term or geographic name entry element Political participation
650 #0 - SUBJECT ADDED ENTRY--TOPICAL TERM
Topical term or geographic name entry element Representative government and representation
942 ## - Koha item type (Biblio)
Koha item type Books in Stacks (Lending)

No items available.

© WERC Library